Different families, same rights? Lesbian, gay, bisexual and transgender families under international human rights law

محفوظ في:
التفاصيل البيبلوغرافية
المؤلف الرئيسي: Hodson, Loveday
مؤلف مشترك: ILGA Europe
التنسيق: كتاب
اللغة:الإنجليزية
منشور في: Bruxelles ILGA Europe 2007
الوسوم: إضافة وسم
لا توجد وسوم, كن أول من يضع وسما على هذه التسجيلة!

MARC

LEADER 00000nam a2200000 4500
005 20240605182338.0
008 240605b |||||||| |||| 00| 0 eng d
020 |a 9772030243009 
040 |c GP 
100 |a Hodson, Loveday 
110 |a ILGA Europe 
245 |a Different families, same rights?  |b Lesbian, gay, bisexual and transgender families under international human rights law 
260 |a Bruxelles  |b ILGA Europe  |c 2007 
942 |2 ddc  |c BK  |n 0 
952 |0 0  |1 0  |2 ddc  |4 0  |6 323_420000000000000_HOD  |7 1  |9 1361  |a RM  |b RM  |d 2024-06-05  |l 0  |o 323.420 HOD  |p 194  |r 2024-06-05 18:24:04  |w 2024-06-05  |y BK 
999 |c 1251  |d 1251